| 000 | 01083nas a2200373 4500 | ||
|---|---|---|---|
| 001 | BR0604370 | ||
| 003 | BR-BrBNA | ||
| 005 | 20231205110346.0 | ||
| 007 | ta | ||
| 008 | 230509b bl.|||p| |||| 00| 00por d | ||
| 040 |
_aBR-BrBNA _bpor _cBiblioteca Nacional de Agricultura |
||
| 041 | _a(Pt) | ||
| 072 | _aQ54; L02 | ||
| 100 | 1 | _aBrunelli, S.R. | |
| 100 | 1 | _aPinheiro, J.W. | |
| 100 | 1 | _aSilva, C.A. da | |
| 100 | 1 | _aFonseca, N.A.N. | |
| 100 | 1 | _aOliveira, D.D. de | |
| 100 | 1 | _aCunha, G.E. | |
| 100 | 1 | _aSouza, L.F.A. de | |
| 245 | 1 | _aInclusão de farelo de gérmen de milho desengordurado na alimentação de frangos de corte | |
| 650 | _aFRANGO DE CORTE | ||
| 650 | _aMILHO | ||
| 650 | _aFARELO | ||
| 650 | _aDIETA | ||
| 650 | _aCOMPOSIÇÃO DE ALIMENTO | ||
| 650 | _aPESO | ||
| 650 | _aCARCAÇA | ||
| 650 | _aRENDIMENTO | ||
| 650 | _aSUPLEMENTO ALIMENTAR | ||
| 773 | 0 |
_tRevista Brasileira de Zootecnia (Brazil) _xISSN 1516-3598 _g(Jul-Aug 2006), v. 35(4) p. 1349-1358 _wBR0604370 |
|
| 909 |
_a202311 _bLúcia _c55 _dLúcia Elande |
||
| 942 |
_2AGRIS _n0 _cANA |
||
| 999 |
_c187099 _d187099 |
||